| 000 | 00470nam a22001697a 4500 | ||
|---|---|---|---|
| 999 |
_c4951 _d4951 |
||
| 003 | OSt | ||
| 005 | 20181218114944.0 | ||
| 008 | 181218b ||||| |||| 00| 0 eng d | ||
| 040 | _cDLC | ||
| 082 |
_a922 _bR175A |
||
| 100 | _aRamond, John S | ||
| 245 |
_aAmong Southern Baptist / _cBy John S Ramond. |
||
| 260 |
_aLouisiana, USA : _bWestern Baptist Publishing Company, _cc1936. |
||
| 300 | _a560 p.: | ||
| 650 |
_aAmong Southern Baptist _xJohn S Ramond |
||
| 942 |
_2ddc _cBK |
||